Getafe CF Squad 2024-2025 - Statistics

General Stats
  • This quiz has been taken 170 times
    69 since last reset
  • The average score is 18 of 27
Answer Stats
# Position Nation Player % Correct
6 MF Nigeria Chrisantus Uche
91%
2 DF Togo Djené
91%
13 GK Spain David Soria
88%
8 MF Uruguay Mauro Arambarri
88%
15 DF Paraguay Omar Alderete
86%
22 DF Portugal Domingos Duarte
81%
- Coach Spain José Bordalás
81%
5 MF Spain Luis Milla
81%
9 FW Spain Borja Mayoral
79%
12 DF Cameroon Allan Nyom
77%
16 DF Spain Diego Rico
77%
21 DF Spain Juan Iglesias
74%
18 FW Uruguay Álvaro Rodríguez
72%
19 FW Dominican Republic Peter Federico
72%
17 FW Spain Carles Pérez
70%
10 FW Turkey Bertuğ Yıldırım
67%
11 MF Spain Carles Aleñá
63%
11 MF Spain Ramón Terrats
63%
7 FW Spain Álex Sola
58%
1 GK Czech Republic Jiří Letáček
58%
24 FW Spain Juanmi
53%
14 DF Spain Juan Bernat
51%
4 DF Spain Juan Berrocal
51%
29 FW Spain Coba da Costa
49%
3 DF Argentina Fabrizio Angileri
47%
20 MF Spain Yellu Santiago
33%
27 DF Morocco Nabil Aberdin
30%
No matching quizzes found
Score Distribution
Percent of People with Each Score
Percentile by Number Answered
Your Score History
You have not taken this quiz since the last reset